000 00370nam a22001697a 4500
003 UA-OsUOA
001 2633
007 ta
008 20050721b un ||||| |||| 00| 0 ukr d
100 _aGritzner
700 _aCharles F.
942 _cBK
040 _aUA-OsUOA
_cUA-OsUOA
_dUA-OsUOA
245 _aHeath world geography.
_bCountry Studies
955 _a2
650 7 _2UDC
999 _c288795
_d288795